000 00303nam a22001337a 4500
008 170731b xxu||||| |||| 00| 0 eng d
020 _ac90-03395
041 _aeng
080 _a004
100 _a32
101 _aSHK
245 _a2801B MICROSOFT SECURITY GUIDANCE TRAINING I
_cMIC
942 _2udc
_cBK
999 _c22192
_d22192